|
|
|
|
| LEADER |
00000nam0a2200000 4500 |
| 001 |
142535 |
| 005 |
20231031142757.0 |
| 035 |
|
|
|a (RuTPU)RU\TPU\book\154464
|
| 090 |
|
|
|a 142535
|
| 100 |
|
|
|a 20080909d1974 km y0rusy50 ca
|
| 101 |
0 |
|
|a rus
|
| 102 |
|
|
|a RU
|
| 105 |
|
|
|a a z 000zy
|
| 200 |
1 |
|
|a Экслибрисы Петереса Упитиса
|e альбом
|f сост. Е. Минаев
|
| 210 |
|
|
|a Москва
|c Книга
|d 1974
|
| 215 |
|
|
|a 62 с.
|c ил.
|
| 610 |
1 |
|
|a экслибрисы
|
| 610 |
1 |
|
|a изобразительное искусство
|
| 610 |
1 |
|
|a художники
|
| 610 |
1 |
|
|a книжные иллюстрации
|
| 610 |
1 |
|
|a гравюры
|
| 610 |
1 |
|
|a экслибрисистика
|
| 675 |
|
|
|a 76.071(Упитис)
|v 3
|
| 686 |
|
|
|a Ч611
|2 rubbk
|
| 702 |
|
1 |
|a Минаев
|b Е.
|g Евгений
|4 220
|
| 801 |
|
1 |
|a RU
|b 63413507
|c 20080909
|g PSBO
|
| 801 |
|
2 |
|a RU
|b 63413507
|c 20101119
|g PSBO
|
| 942 |
|
|
|c BK
|